Welcome to the Holygrace Academy Library

Please use search bar below to get started

LIVING WITH HONOUR:IT IS BETTER TO BE HONOURABLE THAN TO BE HONOURED (Record no. 8553)

MARC details
000 -LEADER
fixed length control field 00601nam a22001577a 4500
020 ## - INTERNATIONAL STANDARD BOOK NUMBER
ISBN 978-93-82951-62-9
082 ## - DEWEY DECIMAL CLASSIFICATION NUMBER
Classification number 100
Item number KHE/L
100 ## - MAIN ENTRY--AUTHOR NAME
Personal name KHERA, SHIV
245 ## - TITLE STATEMENT
Title LIVING WITH HONOUR:IT IS BETTER TO BE HONOURABLE THAN TO BE HONOURED
246 ## - VARYING FORM OF TITLE
Title proper/short title LIVING WITH HONOUR:IT IS BETTER TO BE HONOURABLE THAN TO BE HONOURED
Remainder of title LIVING WITH HONOUR:IT IS BETTER TO BE HONOURABLE THAN TO BE HONOURED
260 ## - PUBLICATION, DISTRIBUTION, ETC. (IMPRINT)
Place of publication NEW DELHI
Name of publisher BLOOMSBURY
Year of publication 2014
300 ## - PHYSICAL DESCRIPTION
Number of Pages 202
520 ## - SUMMARY, ETC.
Summary, etc It fundamentally discerns the concept of being honorable and being honored.
650 ## - SUBJECT ADDED ENTRY--TOPICAL TERM
Topical Term MOTIVATIONAL& PSYCHOLOGICAL
942 ## - ADDED ENTRY ELEMENTS (KOHA)
Koha item type Books
Holdings
Withdrawn status Lost status Collection code Home library Current library Shelving location Date acquired Source of acquisition Cost, normal purchase price Full call number Accession Number Koha item type
    Non-fiction Main Library Main Library SHELF-17G-PERSONALITY DEVELOPMENT BOOKS 28/10/2024 PURCHASED 260.00 100 KHE/L 11794 Books